[Event "POL-chT4 Slaskie"]
[Site "Poland"]
[Date "2008.04.13"]
[Round "5.40"]
[White "Cieraszewski, Piotr"]
[Black "Stroczynski, Dawid"]
[Result "1/2-1/2"]
[WhiteElo "2055"]
[BlackElo "1938"]
[PlyCount "54"]
[EventDate "2008.02.10"]
[EventType "team-swiss"]
[EventRounds "9"]
[EventCountry "POL"]
[SourceTitle "EXT 2019"]
[Source "ChessBase"]
[SourceDate "2018.10.10"]
[SourceVersion "1"]
[SourceVersionDate "2018.10.10"]
[SourceQuality "1"]

1. c4 b6 2. Nc3 Bb7 3. d4 e6 4. e4 Bb4 5. Bd3 f5 6. d5 fxe4 7. Bxe4 exd5 8. Qh5+ Kf8 9. Bxd5 Bxd5 10. Qxd5 Qe7+ 11. Be3 Bxc3+ 12. bxc3 Nc6 13. Ne2 Nf6 14. Qf3 Re8 15. 0-0 Kf7 16. Nd4 Nxd4 17. cxd4 c6 18. a4 Rhf8 19. a5 Kg8 20. Qg3 d5 21. cxd5 cxd5 22. Qg5 Qd7 23. axb6 axb6 24. Rfb1 Rb8 25. Bf4 Rb7 26. Be5 Ng4 27. Bg3 Qf5 1/2-1/2